[Event "Belgrade RAD 30"]
[Site "Belgrade"]
[Date "1977.01.15"]
[Round "1.6"]
[White "Ostojic, Predrag"]
[Black "Bukic, Enver"]
[Result "1/2-1/2"]
[WhiteElo "2480"]
[BlackElo "2480"]
[Annotator "Primel,D"]
[PlyCount "69"]
[EventDate "1977.01.15"]
[EventType "tourn"]
[EventRounds "13"]
[EventCountry "SRB"]
[EventCategory "9"]
[SourceTitle "EXT 2018"]
[Source "ChessBase"]
[SourceDate "2017.10.13"]
[SourceVersion "1"]
[SourceVersionDate "2017.10.13"]
[SourceQuality "1"]
[TimeControl "40/9000:16/5400:0"]

1. e4 c5 2. Nf3 d6 3. d4 cxd4 4. Nxd4 Nf6 5. Nc3 a6 6. Be2 e5 (6... e6) 7. Nb3
Be7 8. a4 (8. O-O) (8. Be3) 8... O-O 9. O-O Nc6 10. Kh1 {[%cal Gf2f4]} Nb4 {
[%csl Gd5]} (10... Be6 11. f4 exf4 12. Bxf4 d5 $5) 11. f4 b6 (11... Be6 12. f5
Bd7 13. Bg5 Bc6 14. Bxf6 Bxf6 15. Bc4 Rc8 16. Qe2 Qc7 17. Rfd1 Rfd8 18. Nd2
Nxc2 19. Rac1 Nd4 20. Qg4 Qe7 21. Nf3 b5 22. axb5 axb5 23. Nd5 Bxd5 24. Bxd5
Nc2 25. h4 Ne3 26. Qh5 {Beliavsky,A (2450)-Tal,M (2660) Moscow 1973 0-1 (43)})
12. Bd2 $146 {[%cal Gd2b4] Une nouveauté pas très convaincante car le Bd2
est trés passif} (12. Be3 Bb7 13. Bd3 Qc7 14. Qe2 Rfe8 15. Rae1 d5 16. fxe5
dxe4 17. exf6 exd3 18. Qg4 Bf8 19. Bh6 Rxe1 20. Rxe1 Qc8 21. Qg5 g6 22. Bxf8
Qxf8 23. Re7 Rb8 24. cxd3 Nxd3 25. Nd4 h6 26. Qg3 Nb4 {Rantanen,Y-Sznapik,A
Helsinki 1975 1-0 (33)}) (12. Bf3 Be6 13. Rf2 Rc8 14. Be3 Qc7 15. Rd2 Rfe8 16.
Nc1 exf4 17. Bxf4 Nd7 18. Rxd6 Nc5 19. Rxe6 Qxf4 20. Rxb6 Rcd8 21. Nd5 Nxe4 22.
Bxe4 {1/2-1/2 (22) Semeniuk,A-Rashkovsky,N (2485) Soviet Union 1976}) 12... Bb7
13. Bf3 Rc8 $11 14. Rc1 {[%csl Rc1]} Re8 15. Qe1 Bf8 (15... d5 $5 {Les pièces
Noires sont bien placées} 16. fxe5 dxe4 17. Nxe4 Nxe4 18. Bxe4 Bxe4 19. Qxe4
Qd5 20. Qxd5 Nxd5 $44) 16. fxe5 dxe5 17. Bg5 Be7 18. Qf2 Rxc3 $1 {[%cal Gf6e4,
Ge4f2]} 19. bxc3 Na2 20. Bxf6 (20. Rcd1) 20... Bxf6 21. Ra1 Nxc3 22. Qe3 Qc7
23. a5 bxa5 24. Nxa5 Bc8 25. h3 h6 26. Bh5 Be6 {[%cal Ge6f7,Gf6g5]} (26... Bg5
{[%csl Rf7]}) 27. Nb3 Bg5 $44 {[%csl Gg5]} 28. Qc5 Rc8 29. Qxc7 Rxc7 30. Bf3
Bc4 31. Rfe1 Bh4 32. Re3 Bb5 33. Kg1 Bg5 34. Ree1 Bh4 35. Re3 1/2-1/2

[Event "RUS Cup final"]
[Site "Magnitogorsk"]
[Date "2011.11.14"]
[Round "1.2"]
[White "Onischuk, Vladimir"]
[Black "Khismatullin, Denis Rimovich"]
[Result "0-1"]
[WhiteElo "2518"]
[BlackElo "2660"]
[Annotator "RR"]
[PlyCount "80"]
[EventDate "2011.11.13"]
[EventType "k.o."]
[EventRounds "4"]
[EventCountry "RUS"]
[SourceTitle "CBM 146"]
[Source "ChessBase"]
[SourceDate "2012.01.18"]
[SourceVersion "1"]
[SourceVersionDate "2012.01.18"]
[SourceQuality "1"]

1. e4 c5 2. Nf3 d6 3. d4 cxd4 4. Nxd4 Nf6 5. Nc3 a6 6. Be2 e5 7. Nb3 Be7 8. Bg5
Be6 9. Bxf6 Bxf6 10. Qd3 O-O 11. O-O-O Be7 12. Kb1 Nd7 13. g3 Rc8 14. f4 b5 15.
Qf3 Nb6 16. h4 Qc7 17. Bd3 exf4 18. gxf4 Na4 19. Nxa4 bxa4 20. Nd4 Rb8 21. b3
axb3 22. cxb3 Bf6 23. e5 dxe5 24. Qe4 Rfd8 25. Nxe6 fxe6 26. Qxh7+ $6 (26. fxe5
Qc3 27. Qxh7+ $11) 26... Kf8 $19 27. Rhg1 e4 $4 (27... Qc3 28. Qh8+ Kf7 $19)
28. Qh8+ $2 (28. Bc4 Qxc4 29. Rxd8+ $11) 28... Kf7 $19 29. Qh5+ Ke7 30. Rc1 Qd6
$6 (30... Qb6 31. Bxe4 Rd2 $19) 31. Bxe4 $2 (31. Bxa6 Qa3 32. Qc5+ $17) 31...
Rb5 $19 32. Qd1 Qxf4 $2 (32... Qb6 33. Bd3 Qd4 $19) 33. Qc2 $17 Rd7 34. a4 {
[%tqu "En","","","","b5b3","",10]} Rxb3+ $3 35. Qxb3 Qxe4+ 36. Ka2 Rd2+ 37. Ka3
Rd3 38. Rc7+ Kf8 39. Rc8+ Kf7 40. Rc7+ Kg8 0-1

[Event "Rohde op 07th"]
[Site "Sautron"]
[Date "2007.11.02"]
[Round "8"]
[White "Zozulia, Anna"]
[Black "Bogner, Sebastian"]
[Result "0-1"]
[WhiteElo "2343"]
[BlackElo "2383"]
[Annotator "RR"]
[PlyCount "76"]
[EventDate "2007.10.27"]
[EventType "swiss"]
[EventRounds "9"]
[EventCountry "FRA"]
[SourceTitle "EXT 2008"]
[Source "ChessBase"]
[SourceDate "2007.11.25"]
[SourceVersion "1"]
[SourceVersionDate "2007.11.25"]
[SourceQuality "1"]

1. e4 c5 2. Nf3 d6 3. d4 cxd4 4. Nxd4 Nf6 5. Nc3 a6 6. Be2 {la variante а la
mode dans les années 80} e5 (6... e6) 7. Nb3 (7. Nf3 {Revenue populaire
récemment}) 7... Be7 8. O-O O-O 9. a4 (9. Be3 Be6 10. Qd2 Nbd7) 9... Be6 10.
Be3 Nbd7 11. f3 $6 (11. Qd2 $142 Rc8 12. a5 {[%csl Rb6]}) 11... Nb6 (11... Rc8)
(11... Qc7) 12. a5 Nc4 $15 {[%cal Gc4e3]} 13. Bxc4 Bxc4 14. Re1 Qc7 15. Na4
$146 ({RR} 15. Nc1 Qc6 16. Nd3 Rac8 17. Nb4 Qc7 18. Qd2 Rfe8 19. Rec1 h6 20.
Nbd5 Bxd5 21. Nxd5 Nxd5 22. exd5 Bg5 23. Bxg5 hxg5 24. Ra4 Qc5+ 25. Kh1 Qb5 26.
b3 f6 27. Rb1 Qd7 28. Rb4 Qf5 29. Rc1 e4 {Gruber,M (2123)-Lickleder,A (2227)/
Austria 2004/EXT 2005/0-1 (41)}) 15... d5 $1 $36 (15... Bxb3 16. cxb3 Qxa5 17.
Nb6 (17. Bb6 Qb4)) 16. Nd2 Bb5 17. Bb6 Qc6 18. exd5 Nxd5 19. c4 Bxa4 20. cxd5
Qxb6+ $1 21. axb6 Bxd1 22. Raxd1 Bc5+ 23. Kf1 f6 24. Nc4 Rad8 25. d6 Rd7 26.
Rd5 Rc8 27. b3 $13 Kf7 28. f4 $6 {Avec l'idée d'empêcher Ke6 mais les noirs
peuvent encaisser le P} (28. g4 Ke6 29. Red1) 28... exf4 $1 29. Re4 g5 $17 30.
h4 h6 31. Ke2 Bb4 32. Kf3 Rc5 33. Rd1 Rb5 34. hxg5 hxg5 35. Rh1 Kg7 36. Re8
Bxd6 37. Rd1 Rxb3+ 38. Kg4 Re7 0-1

[Event "Sautron op 13th"]
[Site "Sautron"]
[Date "2013.11.02"]
[Round "9"]
[White "Riff, Jean Noel"]
[Black "Roiz, Michael"]
[Result "0-1"]
[WhiteElo "2445"]
[BlackElo "2614"]
[Annotator "RR"]
[PlyCount "62"]
[EventDate "2013.10.26"]
[EventType "swiss"]
[EventRounds "9"]
[EventCountry "FRA"]
[SourceTitle "EXT 2014"]
[Source "ChessBase"]
[SourceDate "2013.11.20"]
[SourceVersion "1"]
[SourceVersionDate "2013.11.20"]
[SourceQuality "1"]
[TimeControl "40/5400+30:1800+30"]
[WhiteClock "1:30:00"]
[BlackClock "1:30:00"]

1. e4 {[%emt 0:01:47]} c5 {[%emt 0:00:00]} 2. Nf3 {[%emt 0:00:05]} d6 {[%emt 0:
00:00]} 3. d4 {[%emt 0:00:18]} cxd4 {[%emt 0:00:00]} 4. Nxd4 {[%emt 0:00:03]}
Nf6 {[%emt 0:00:00]} 5. Nc3 {[%emt 0:00:03]} a6 {[%emt 0:00:00]} 6. Be2 {
[%emt 0:00:03]} e5 {[%emt 0:00:41]} (6... e6) 7. Nb3 {[%emt 0:00:23]} (7. Nf3)
7... Be7 {[%emt 0:00:06]} 8. O-O {[%emt 0:01:14]} O-O {[%emt 0:00:46]} 9. Kh1 {
[%emt 0:00:37]} Bd7 {[%emt 0:03:05][%cal Gd7c6,Gb8d7] Après quelques minutes
de réflexion, l'israélien choisit une ligne secondaire.} (9... b6 10. Be3 Bb7
11. f3 b5 12. a4 b4 13. Nd5 Nxd5 14. exd5 Nd7 15. c3 bxc3 16. bxc3 Bg5 17. Bf2
Qc7 18. c4 Rab8 19. Bd3 Ba8 20. Qc2 g6 21. Rfd1 Rb4 22. Be1 Rbb8 23. Bf2 Rb4
24. Be1 Rbb8 25. Bf2 {1/2-1/2 (25) Jakovenko,D (2736)-Khismatullin,D (2664)
Tyumen 2012}) (9... Be6) 10. f4 {[%emt 0:05:53] Le français qui jouait à
tempo prend quelques minutes pour choisir un plan} Bc6 {[%emt 0:02:55]} 11. Bf3
{[%emt 0:02:03]} Nbd7 {[%emt 0:11:15]} (11... Qc7) 12. Qe2 $6 $146 {[%emt 0:12:
19]} (12. Qe1 Re8 $1 {[%csl Re4][%cal Ge5f4]} 13. g4 (13. f5 b5) 13... exf4 {
[%cal Gd7e5]} 14. Bxf4 Bf8 15. Qg3 Nxe4 16. Nxe4 Bxe4 17. Bxe4 Rxe4 18. Rad1
Qe8 19. Qf3 Nc5 20. Nd4 d5 21. Nf5 Rd8 22. Be3 Qe6 23. b3 Re8 24. Bg1 Nd7 25.
Qd3 g6 26. Qxd5 Qxd5 27. Rxd5 Nf6 28. Nh6+ Bxh6 29. Rxf6 Rxg4 30. Rf1 Rge4 31.
c4 Be3 32. Rd7 Bxg1 33. Kxg1 R8e7 34. Rxe7 Rxe7 35. Rd1 f5 36. Rd6 Kf7 37. Kf2
Ke8 38. h4 Rd7 39. Rb6 Kd8 40. Ke3 Re7+ 41. Kf3 Rf7 {Mortensen,E (2510)
-Zagorskis,D (2515) Roskilde 1998 1/2-1/2}) (12. a4 b5 $11 {Rudolf,A (2273)
-Restas,P (2263) HUN-chT 0708 2007 (8) 1/2}) (12. Be3 $142 Rc8 13. a4 (13. f5)
13... Qc7 14. Qe1 b6 15. Qg3 {Komsic,D (2350)-Gutman,L (2475) Oberliga Ost B
9798 1997 [1] 0-1}) 12... b5 {[%emt 0:02:56][%cal Gb5b4]} 13. Rd1 $6 {[%emt 0:
00:22][%csl Ra1] Joué à tempo pour éviter l'enfilade Bb5 après Nd5 mais ce
plan ne parait pas conforme à l'esprit de la position et les pièces de
l'aile-dame seront en retard de développement.} (13. a4 $5 b4 14. Nd5 {
Semble plus simple}) 13... b4 {[%emt 0:10:40]} 14. Nd5 {[%emt 0:03:44]} Nxd5 {
[%emt 0:02:11]} 15. exd5 {[%emt 0:00:05]} Bb5 $132 {[%emt 0:00:03]} 16. Qe1 {
[%emt 0:03:19]} a5 {[%emt 0:04:07]} 17. fxe5 {[%emt 0:04:38]} Nxe5 $15 {
[%emt 0:09:13][%csl Rc2,Ge5][%cal Ge5f3,Ga5a4] L'ouverture des Blancs a mal
tourné et ils doivent maintenant se battre pour l'égalité} 18. Nd4 {[%emt 0:
09:24]} Nxf3 {[%emt 0:02:26]} 19. gxf3 {[%emt 0:01:08]} (19. Nxf3 Re8 (19...
Bf6)) 19... Bd7 {[%emt 0:00:36]} 20. a3 {[%emt 0:01:54]} Bf6 {[%emt 0:06:23]}
21. Bf4 {[%emt 0:02:10]} Qb6 $1 $17 {[%emt 0:02:10][%cal Gb6d4,Gb6d6]} 22. Qg1
{[%emt 0:04:35][%csl Rg1] Quelle poubelle!} Qc5 {[%emt 0:05:23][%csl Rc2]} 23.
axb4 {[%emt 0:10:31]} axb4 {[%emt 0:02:20]} 24. Rxa8 {[%emt 0:00:06]} Rxa8 {
[%emt 0:00:05]} 25. Nc6 $2 {[%emt 0:00:06]} Qxc2 {[%emt 0:06:08]} 26. Nxb4 {
[%emt 0:04:49]} Qb3 $19 {[%emt 0:02:01][%csl Rb4,Rf3]} 27. Nd3 {[%emt 0:01:06]}
Bb5 {[%emt 0:05:54]} 28. Ra1 {[%emt 0:01:44]} Rxa1 {[%emt 0:03:55]} 29. Qxa1 {
[%emt 0:00:23]} h6 {[%emt 0:04:05]} 30. Ne1 {[%emt 0:01:57]} Qc4 {[%emt 0:01:
12]} 31. Ng2 {[%emt 0:00:02]} Qxd5 {[%emt 0:00:27]} 0-1

[Event "Aceimar op"]
[Site "Mondariz"]
[Date "1994.??.??"]
[Round "?"]
[White "Adla, Diego Gustavo"]
[Black "Rodriguez Cespedes, Amador"]
[Result "0-1"]
[WhiteElo "2430"]
[BlackElo "2515"]
[Annotator "Rodriguez,Am"]
[PlyCount "130"]
[EventDate "1994.07.??"]
[EventType "swiss"]
[EventRounds "9"]
[EventCountry "ESP"]
[SourceTitle "CBM 042"]
[Source "ChessBase"]
[SourceDate "1994.10.01"]
[SourceVersion "1"]
[SourceVersionDate "1994.10.01"]
[SourceQuality "1"]

1. e4 c5 2. Nf3 d6 3. d4 cxd4 4. Nxd4 Nf6 5. Nc3 a6 6. Be2 e5 7. Nb3 Be7 8. O-O
O-O 9. Be3 Be6 10. Nd5 Nxd5 (10... Nbd7 11. Qd3 Bxd5 12. exd5 Nc5 13. Qd2 $1 (
13. Nxc5 dxc5 14. Rfd1 e4 15. Qd2 Bd6 16. a4 Qc7 17. g3 Rae8 $36 {King-Browne/
Reykjavik/1990/}) 13... Qc7 14. f3 h6 15. c4 Nh7 16. Nxc5 dxc5 17. Bd3 Bd6 18.
g4 $1 $40 {Apicella-Brunner/Debrecen/1992/}) 11. exd5 Bf5 12. Qd2 a5 $146 (
12... Nd7 {This move has been played twice by De Firmian with his opponents
always answering 13.a4. I do not like the following secuence instead:} 13. Na5
$1 Qc7 14. c4 {/\ b4 +/-}) 13. a4 Nd7 14. Bb5 Qc7 15. f3 (15. c4 $5 {/\} Nc5 $6
16. Nxc5 dxc5 17. f4 $1 $36) 15... Nf6 {We have now reached a position similar
to the one in Hjartarson-De Firmian, London open 1986. With his queen on d8,
De Firmian played 15...Bg6?! and the bishop lost his connection with the queen
side.} 16. Rac1 Bd7 $1 {/\ 17...Bxb5 18.axb5 Qc4!} 17. c4 {White finally
played c2-c4 and he can only succeed by playing f2-f4 later on so that his
knight gains access to d4. In the present situation the advance f4 does not
seems very likely so Black must be equal.} (17. Qd3 $5) 17... b6 18. Qf2 Rab8
19. Nd2 (19. Na1 $5 {/\ Nc2,b4}) (19. Bxd7 $5) 19... Bc8 $1 {Leaving White
with a useless bishop on b5.} 20. Nb1 Nd7 (20... Nh5 $1 {Very sharp, but it is
what the position is calling for.} 21. Nc3 f5 22. Bc6 Qd8 {White has free
hands on the queen side, in the meantime Black is ready to launch a powerful
attack on the king side.}) 21. Nc3 $2 {It was the last chance to exchange the
bishop on b5.} (21. Bxd7 $8 Bxd7 22. b3 {/\ Nc3-b5} f5 23. f4 $13) 21... Nc5
22. Rcd1 f5 23. f4 e4 24. Bc6 Ba6 $1 25. Nb5 Bxb5 26. axb5 Bf6 27. Qe2 g6 $1
28. h3 Qg7 $17 {The bishop looks beautiful on c6 but it does nothing.} 29. Rb1
Nd3 30. b3 Bd4 31. Kh2 Rf7 32. Rfd1 Kh8 33. Rd2 Rg8 $40 34. Rbd1 Qf6 {It was
very interesting, probably better, to exchange bishops and go back with the
knight to c5 to prepare calmly the attack by Qf6, Rfg7 and g5, then go again
Nd3 in due time. White is now forced to sacrifice the exchange.} 35. Rxd3 $8
exd3 36. Rxd3 Bxe3 37. Rxe3 Qd4 $1 38. Qf3 g5 39. fxg5 Rxg5 (39... Rfg7 $1) 40.
Re8+ Kg7 41. Re2 {/\ Be8} Rf8 {/\ Kh8} 42. Bd7 f4 (42... Kh8 $1 {/\ f4} 43. g4
$2 h5 $1 44. Bxf5 $2 Rfxf5 $1) 43. Re4 Qf6 (43... Qa1 44. Bg4) 44. Re6 Qb2 45.
Re2 Qd4 46. Re4 Qf6 47. Re6 Qb2 48. Re2 Qa1 $1 49. Re7+ (49. Bg4 Re5) 49... Kh8
50. Bg4 (50. Qe4 Rg7 51. Bg4 Qf6 52. Re6 Qh4) 50... Re5 $1 51. Be6 Qb1 $1 $19 {
><h7, /\ Re3} (51... Re3 $2 52. Rxh7+ $1 $11) 52. Qg4 $8 Qg6 53. Qxg6 hxg6 54.
Rb7 Re2 55. Kg1 f3 $1 56. gxf3 Rxf3 57. Bg4 Rg3+ 58. Kf1 Ra2 59. Rxb6 Rxb3 60.
Be2 Rbb2 61. Rb8+ Kg7 62. Re8 a4 63. c5 dxc5 64. d6 Ra1+ 65. Kf2 Rd1 0-1

[Event "Yopal"]
[Site "Yopal"]
[Date "1997.06.21"]
[Round "2"]
[White "Rodriguez Cespedes, Amador"]
[Black "Morovic Fernandez, Ivan"]
[Result "1/2-1/2"]
[WhiteElo "2555"]
[BlackElo "2580"]
[Annotator "Rodriguez,Am"]
[PlyCount "51"]
[EventDate "1997.06.20"]
[EventType "tourn"]
[EventRounds "9"]
[EventCountry "COL"]
[EventCategory "12"]
[SourceTitle "CBM 060"]
[Source "ChessBase"]
[SourceDate "1997.09.29"]
[SourceVersion "1"]
[SourceVersionDate "1997.09.29"]
[SourceQuality "1"]

1. e4 {Nor Gutman Gershon} c5 2. Nf3 d6 3. d4 cxd4 4. Nxd4 Nf6 5. Nc3 a6 6. Be2
e5 7. Nb3 Be7 8. O-O Be6 9. f4 Qc7 10. Kh1 Nbd7 11. a4 O-O 12. g4 {[#]} (12.
Be3 $6 {Nor} exf4 13. Rxf4 Ne5 (13... Rfe8 $143 $6 14. Qd2 Rac8 15. Nd4 Bf8 16.
Raf1 Qa5 17. Bd3 $1 Ne5 $14 {Geller}) 14. Nd5 Bxd5 15. exd5 Nfd7 16. Rb4 Rfe8
17. a5 Bf6 18. Bg1 Bg5 19. Nd2 Nf6 20. Nf1 g6 21. Rd4 $6 Re7 22. c4 Rae8 23. b4
{Hulak-Portisch, Indonesia 1983} Ned7 $1 {/\ Ne4 Kovacevic =/+}) (12. f5 {Nor}
Bc4 13. g4 $6 (13. Bg5 $5) 13... h6 14. g5 hxg5 15. Bxg5 Rfd8 16. Rg1 d5 $5 17.
exd5 Nb6 18. Bxf6 Bxf6 19. Bf3 Nxd5 $5 20. Nxd5 Rxd5 21. Bxd5 Rd8 22. Be4 $6
Rxd1 23. Raxd1 b5 $17 {Ehrler,E-Huenerkopf,H/BL 1981/1/2-1/2 (75)}) (12. a5 $5
{Nor} Rfd8 13. f5 (13. Qd3 $6 Bxb3 14. cxb3 Nc5 15. Qc4 Qc6 16. Nd5 Nxd5 17.
exd5 Qe8 18. f5 $6 Rdc8 19. Be3 Bf6 $15 {0-1 Barua,D-Murshed,N/Calcutta 1986 
(45)}) 13... Bc4 14. Be3 Rac8 15. Bxc4 Qxc4 16. Ra4 Qc6 17. Qf3 h6 18. Raa1 Nc5
19. Nd5 $1 Nxd5 20. exd5 Qb5 21. Nxc5 dxc5 22. Qg4 $40 {1-0 Geller,E-Ivkov,B/
Hilversum AVRO 1973 (33)}) 12... Bxb3 (12... h6 13. g5 hxg5 14. fxg5 Nh7 15. h4
g6 16. Be3 Rac8 17. Nd5 Bxd5 18. Qxd5 Qxc2 19. Bg4 {Gutman: war vorteilhaft
für Weiß,Taborow-Kasparow,UdSSR 1977}) 13. cxb3 Nc5 14. Bf3 exf4 15. Bxf4 (15.
g5 Nfd7 16. Nd5 Qd8 17. Bxf4 Ne5 18. h4 f6 {mit etwa gleichen Chancen}) 15...
h6 {We have been following Anand-Lautier, Amsterdam VSB 1996 where Black got a
very easy game within a few moves, but the following idea shows that the
position is still full of danger for Black.} 16. g5 $1 $146 {Nor: After this
good novelty white has some chances for attack.But the most important is that
now it is very hard for black to defend, because white's threats are more
dangerous that it seems to an optimist(and less dangerous than it seems to a
pesimist!)} (16. Be3 $6 Qa5 17. Bxc5 Qxc5 18. Rc1 Qe5 {Anand-Lautier,
Amsterdam VSB 1996} (18... Qe5 {Nor} 19. Be2 Nxe4 20. Nxe4 Qxe4+ 21. Bf3 Qe5
22. Bxb7 Ra7 23. Bd5 Bf6 24. Rc2 a5 25. Re2 Qd4 26. Qxd4 Bxd4 27. h4 Rc7 28. h5
Bf6 29. Bc4 Rcc8 {1/2-1/2 Anand,V-Lautier,J/Amsterdam VSB 1996})) 16... hxg5
17. Bxg5 Qd8 {Nor: A good plan of defense.} (17... Nfxe4 $4 18. Nd5 $18) (17...
Ncxe4 $2 18. Bxe4 Nxe4 19. Nd5 $18) ({Gutman: Zu bevorzugen war} 17... Ne6 $5
18. Be3 (18. Bxf6 Bxf6 19. Nd5 Qd8 20. Nxf6+ Qxf6 21. Qxd6 Qxb2) 18... Qa5 19.
Rg1 Qe5 {Gutman: mit ausreichende Gegenspiel}) 18. Rg1 $1 (18. e5 $6 {Nor} dxe5
19. b4 Ne6 20. Bxf6 Bxf6 21. Bxb7 Ra7 22. Be4 Nf4 23. b5 $13) 18... Ne8 $5 (
18... Nfxe4 $2 19. Nxe4 Nxe4 20. Bxe4 Bxg5 21. Qh5 Re8 22. Bh7+ $18) (18...
Ncxe4 $2 19. Bxe4) 19. Be3 (19. Bxe7 $143 $6 {Nor} Qxe7 20. b4 Nd7 $1 (20...
Ne6 $6 21. Nd5 Qh4 22. e5 $5 dxe5 23. Qe1 $1 $14) 21. Nd5 Qd8 22. Rc1 Ne5 {
Nor: And black is not worse.}) 19... Bf6 20. b4 $2 {White would have a very
weak queen side pawn structure after an eventual a6-a5 by Black so moving the
pawn to b4 looks natural and so I played it inmediately.} (20. Nd5 $1 {The
point is that should Black move his bishop from f6 then the strong Be3-g5
would follow forcing Black to further weakening his king side with f7-f6 or
allowing and unpleasant pin through the h4-d8 diagonal.} Be5 (20... Bxb2 $6 21.
Ra2 {[%cal Ya2g2,Yg2g6]}) 21. Bg5 $1 $40) 20... Ne6 {Now from e6 the knight
covers the important square g5.} 21. Qd2 Be5 22. Nd5 Nf6 {During the game I
was aware of the missed opportunity and felt we have now reached another
critical position. White must decide what to do with his rooks and I did not
find anything impressive Nor: Black has found a good plan of defense and now
his position is strong enough in order not to lose.} 23. Rac1 (23. Rad1) (23.
Rg2 {/\ Rag1}) ({Gutman: Weiß verliert Zeit,nichts sprach gegen} 23. Bh6 Nxd5 (
23... Re8 24. Raf1) 24. exd5 Qf6 25. Raf1 {mit Initiative}) 23... Re8 $1 {
Providing a square for the knight and thus intending to exchange the other
knight on d5 to releave the pressure.} 24. b3 $6 Nxd5 25. exd5 Nf8 (25... Nd4
$2 {Nor} 26. Bxd4 Qf6 27. Bh5 $1 Bxd4 28. Rcf1 $18) 26. Rc4 {And with both of
us already short of time I decided to offer a draw I had rejected at an early
stage during the game.} 1/2-1/2

[Event "Bazna Kings 5th"]
[Site "Medias"]
[Date "2011.06.18"]
[Round "7"]
[White "Nisipeanu, Liviu Dieter"]
[Black "Nakamura, Hikaru"]
[Result "1/2-1/2"]
[WhiteElo "2659"]
[BlackElo "2774"]
[Annotator "Rogozenco,D"]
[PlyCount "62"]
[EventDate "2011.06.11"]
[EventType "tourn"]
[EventRounds "10"]
[EventCountry "ROU"]
[EventCategory "21"]
[SourceTitle "CBM 143"]
[Source "ChessBase"]
[SourceDate "2011.07.15"]
[SourceVersion "1"]
[SourceVersionDate "2011.07.15"]
[SourceQuality "1"]

1. e4 c5 {So far Nakamura is the only player in Medias who sticks to the
Sicilian Defence. For some reason other players prefer to answer 1.e4 with 1...
e5.} 2. Nf3 d6 3. d4 cxd4 4. Nxd4 Nf6 5. Nc3 a6 {The Najdorf Sicilian. Hikaru
drew already with it against Karjakin and Radjabov. In those games Black was
absolutely fine after the opening. This time things got worse for the American
though, and after the game he was visibly unhappy with the outcome of the
opening.} 6. Be2 e5 7. Nb3 Be7 8. Bg5 Nbd7 (8... Be6 {"is just equal",
according to Nakamura.}) 9. a4 h6 10. Bh4 b6 11. Nd2 $1 {A new and strong move.
Similarly to his game versus Ivanchuk from the third round, Nisipeanu improves
the position of the knight, transferring it to the e3-square.} (11. Bc4 {
is the usual continuation, but then the knight remains misplaced on b3.}) 11...
Bb7 12. Nc4 Qc7 (12... g5 13. Bg3 Nxe4 14. Nxe4 Bxe4 15. f3 Bb7 16. Nxd6+ Bxd6
17. Qxd6 {clearly favours White.}) 13. Ne3 O-O (13... Nxe4 {loses due to} 14.
Ncd5) 14. O-O Rfe8 15. Bc4 Qc5 {The key square in such pawn formations is d5,
which is excellently controlled by White. In order to keep the advantage
Nisipeanu had to continue to develop the pieces in the centre, after which
Black would have had problems to get any sort of counterplay.} ({Again} 15...
Nxe4 {is bad. The simplest solution for White is} 16. Nxe4 Bxe4 17. Bxe7 Rxe7
18. Bd5 {winning an exchange.}) 16. Bxf6 (16. Qd3 $1 {secures White a pleasant
advantage. For instance:} Qd4 17. Nf5 Qxd3 18. Nxe7+ ({or} 18. cxd3 Bf8 19.
Bxf6 Nxf6 20. Ne3 {with firm control of the d5-square.}) 18... Rxe7 19. cxd3 {
and the bishop pair secure White better prospects.}) 16... Nxf6 17. Qf3 Rac8
18. Ncd5 ({A better try was} 18. Bb3 Qb4 19. Ned5 Nxd5 20. Nxd5 Bxd5 21. Bxd5
Bf6 22. Qb3 Qxb3 23. Bxb3 {where White can claim an edge thanks to his better
bishop and superior pawn formation. However, the opposite-coloured bishops
make the position drawish.}) 18... Nxd5 19. Bxd5 Bxd5 20. Nxd5 Qxc2 {White's
knight clearly dominates the opponent's bishop, but Black's extra pawn
compensates for it. The position is equal.} 21. Nxb6 (21. b4 Bd8 $11) 21... Rb8
22. Nd5 (22. a5 Bd8 $11) 22... Qxb2 23. g3 Bg5 ({Nakamura's move is stronger
than} 23... Bd8 24. Qd3 Qd4 25. Qxa6 {because Black cannot take on e4:} Qxe4 $2
{runs into} 26. Qc6 {(threatening besides taking the rook also a check on e7)}
Kf8 27. Qxd6+ Be7 28. Nxe7 {and White wins}) 24. h4 Bd2 $1 {It is funny how
the bishop from d2 is trying to limit the influence of the knight on d5.} 25.
Rad1 Bb4 {This allows White to force a draw. However, the position was about
equal anyway.} (25... Qc2 26. Qe2 Rb2 27. Qxa6 {and again Black cannot take on
e4 because of 28.Qc6.}) (25... Qd4 26. Qe2 Rb2 27. Qxa6 {can be worse only for
Black.}) 26. Rb1 Qa3 27. Ne7+ Kf8 {Black cannot avoid the repetition.} ({Both} 
27... Rxe7 $2 28. Qxa3 Bxa3 29. Rxb8+) ({or} 27... Kh8 28. Qxf7 {are just bad
for Black.}) 28. Ng6+ Kg8 29. Ne7+ Kf8 30. Ng6+ Kg8 31. Ne7+ Kf8 1/2-1/2